000 00784nam a2200253Ia 4500
005 20220316235731.0
008 121119s2000 sp gr 000 f spa
020 _a8484036413
041 0 _aspa
100 1 _aBalzac, Honore de
_d1799-1850
245 1 0 _aEugenia Grandet ; La piel de zapa ; El lirio en el valle
_cHonore de Balzac
250 _aPrimera edición
300 _a621 páginas
_c24 cm
650 1 4 _aNovela francesa
_2LEMB
650 _aFilosofía
_vNovela
_2LEMB
651 4 _aFrancia
_xDescripción
_vNovela
_933828
942 _2loc
_cBKLIT
264 _a[Barcelona]
_bEdimat
_c[2000]
336 _atexto
_btxt
_2rdacontent
337 _asin mediación
_bn
_2rdamedia
338 _avolumen
_bnc
_2rdacarrier
040 _aCO-BoRNBP
_bspa
_erda
_cCO-BoRNBP
084 _aN BAL1
999 _c1986
_d1986